Wird geladen...
Russia in war and peace /
| 1. Verfasser: | |
|---|---|
| Format: | Printed Book |
| Sprache: | English |
| LEADER | 00308nam a2200097Ia 4500 | ||
|---|---|---|---|
| 008 | 150624b xxu||||| |||| 00| 0 eng d | ||
| 100 | |a Palmer, Alan | ||
| 245 | |a Russia in war and peace / |c Alan Palmer | ||
| 942 | |c BK | ||
| 999 | |c 60504 |d 60504 | ||
| 952 | |0 0 |1 0 |4 0 |7 0 |9 60481 |a UL |b UL |c ST2 |d 2012-10-27 |l 0 |p D1506 |r 2012-10-27 |w 2012-10-27 |y BK | ||